Competition
Αποθηκεύτηκε σε:
| Κύριος συγγραφέας: | |
|---|---|
| Μορφή: | Βιβλίο |
| Γλώσσα: | English |
| Δημοσίευση: |
London ; New York :
Chapman and Hall,
1989
|
| Σειρά: | Population and community biology series
|
| Θέματα: | |
| Ετικέτες: |
Προσθήκη ετικέτας
Δεν υπάρχουν, Καταχωρήστε ετικέτα πρώτοι!
|
MARC
| LEADER | 00000nam a2200000 i 4500 | ||
|---|---|---|---|
| 001 | 1/65188 | ||
| 008 | 931007s1989 eng d | ||
| 020 | |a 0-412-31360-X | ||
| 035 | |a ΛΕΣΒΟΣb10001512 |l 10001512 | ||
| 040 | |a GR-MY-UA |b gre |e aacr | ||
| 041 | 0 | |a eng | |
| 082 | 0 | |a 574.5247 | |
| 100 | 1 | |a Keddy, Paul A. |d 1953- | |
| 245 | 1 | 0 | |a Competition / |c Paul A. Keddy |
| 260 | |a London ; New York : |b Chapman and Hall, |c 1989 | ||
| 300 | |a 178 p. |b tables ; figures | ||
| 490 | 1 | |a Population and community biology | |
| 504 | |a Bibliography: p.179-197. Index | ||
| 650 | 0 | 0 | |a Compretition (Biology) |
| 830 | 0 | |a Population and community biology series | |
| 852 | |a INST |b LESVOS |e 19931007 |h 574.5247 KED |p 005100005799 |q 005100005799 |t BK |y 0 | ||
| 909 | |a Λ |b 018712 | ||